000 00437nam a2200133Ia 4500
008 250110s9999 xx 000 0 und d
041 _aeng
100 _aBhandarkar Viijayanti
_9211017
245 _aRethinking Of Central Park Urban Part Nashik City Breaking The Monotony
260 _bBNCA M.Arch. Landscape Architecture
_c2021
300 _a65p
500 _aLandscape Architeture
700 _aGuide Name:Sahasrtabuddhe Swati
_9211018
999 _c364719
_d364719